The power of Turbo prolog : the natural language of artificial intelligence /
Guardado en:
| Autor Principal: | |
|---|---|
| Formato: | Libro |
| Idioma: | English |
| Publicado: |
Blude Ridge Summit, PA :
TAB Books,
c1987.
|
| Edición: | 1st ed. |
| Materias: | |
| Etiquetas: |
Agregar Etiqueta
Sin Etiquetas, Sea el primero en etiquetar este registro!
|
| LEADER | 00794cam a2200253 a 4500 | ||
|---|---|---|---|
| 001 | DCC.dcic001423 | ||
| 008 | 861204s1987####paua##########001#0#eng## | ||
| 005 | 20151130143718.0 | ||
| 245 | 1 | 4 | |a The power of Turbo prolog : |b the natural language of artificial intelligence / |c Ralph Roberts. |
| 250 | |a 1st ed. | ||
| 260 | |a Blude Ridge Summit, PA : |b TAB Books, |c c1987. | ||
| 300 | |a ix, 195 p. : |b il. ; |c 24 cm. | ||
| 500 | |a Incluye índice. | ||
| 020 | |a 083060782X | ||
| 020 | |a 0830627820 (pbk.) | ||
| 100 | 1 | |a Roberts, Ralph. | |
| 082 | 0 | 0 | |a 005.13/3 |2 19 |
| 650 | 0 | |a Prolog (Computer program language) | |
| 630 | 0 | |a Turbo prolog. | |
| 650 | 0 | |a Artificial intelligence. | |
| 010 | |a 86030101 | ||
| 040 | |a DLC |c DLC |d DLC | ||
| 050 | 0 | 0 | |a QA76.73.P76 |b R63 1986 |
| 859 | |a DCIC |b BIB. COMPUTACION |p 1951 | ||
